ბათუმის შოთა რუსთაველის სახელმწიფო უნივერსიტეტის ბიბლიოთეკა

Азия и Африка сегодня. №11(676). 2013. (ბიბ.ჩანაწერი № 41681)

000 -LEADER
fixed length control field 00594nam a2200193Ia 4500
001 - CONTROL NUMBER
control field 8355
003 - CONTROL NUMBER IDENTIFIER
control field GE_BSU
008 - FIXED-LENGTH DATA ELEMENTS--GENERAL INFORMATION
fixed length control field 181216s||||||||xx |||||||||||||| ||und||
040 ## - CATALOGING SOURCE
Transcribing agency GE_BSU
245 ## - TITLE STATEMENT
Title Азия и Африка сегодня. №11(676). 2013.
245 ## - TITLE STATEMENT
Remainder of title Ежемесячный научный и общественно-политический журнал
245 ## - TITLE STATEMENT
Statement of responsibility, etc. Гл.ред.А.М. Васильев
260 ## - PUBLICATION, DISTRIBUTION, ETC.
Place of publication, distribution, etc. Москва
260 ## - PUBLICATION, DISTRIBUTION, ETC.
Name of publisher, distributor, etc. Наука
260 ## - PUBLICATION, DISTRIBUTION, ETC.
Date of publication, distribution, etc. 2013
300 ## - PHYSICAL DESCRIPTION
Extent 80ст;29cм.
653 ## - INDEX TERM--UNCONTROLLED
Uncontrolled term Азия и африка сегодня
942 ## - ADDED ENTRY ELEMENTS (KOHA)
Koha item type პერიოდიკა
ეგზემპლარები
Withdrawn status Lost status Damaged status Not for loan Date acquired Barcode Date last seen Price effective from Koha item type
        2018-12-17 p75997 2018-12-17 2018-12-17 პერიოდიკა